Statistiques concernant Harry Potter: le Cours de Potions

Cliquez ici pour prendre le quiz!

Statistiques générales

  • Ce quiz a été pris 68 fois
  • Le résultat moyen est 5 sur 8

Statistiques - réponses

InformationRéponses% Correct
Première apparitionHarry Potter à l'école des sorciers
100%
ProfesseurSeverus Rogue
100%
ProfesseurHorace Slughorn
96%
Dernière apparitionHarry Potter et les Reliques de la Mort
95%
Salle de classeCachots
89%
LivreMille herbes et champignons magiques
16%
LivreManuel avancé de préparation des potions
11%
LivrePotions magiques
9%

Distribution des résultats

Percentile par nombre de réponses

% des personnes avec chaque résultat

Votre développement - résultats

Vous n’avez pas pris ce quiz